[Event "Pilsen Region-chT 2223"]
[Site "Czech Republic"]
[Date "2023.04.02"]
[Round "11.6"]
[White "Cvikl, Michal"]
[Black "Cecil, Pavel"]
[Result "1-0"]
[WhiteElo "1997"]
[BlackElo "1854"]
[PlyCount "65"]
[EventDate "2022.10.09"]
[EventType "team-tourn"]
[EventRounds "11"]
[EventCountry "CZE"]
[SourceTitle "EXT 2024"]
[Source "ChessBase"]
[SourceDate "2023.10.10"]
[SourceVersion "1"]
[SourceVersionDate "2023.10.10"]
[SourceQuality "1"]
[WhiteTeam "Line III"]
[BlackTeam "Loko"]
[WhiteTeamCountry "CZE"]
[BlackTeamCountry "CZE"]

1. Nf3 e6 2. b3 d5 3. Bb2 Nf6 4. e3 c5 5. Ne5 Bd7 6. f4 Bc6 7. d3 Nbd7 8. Nxc6 bxc6 9. Be2 Qb6 10. c4 Qc7 11. 0-0 Bd6 12. Nc3 d4 13. Ne4 Nxe4 14. dxe4 e5 15. g3 f6 16. f5 0-0 17. Qd3 a5 18. Kg2 a4 19. Rad1 axb3 20. axb3 Rfb8 21. Rd2 Rb4 22. Bd1 Ra2 23. Rff2 Qb8 24. exd4 cxd4 25. Bxd4 Rxd2 26. Rxd2 Rb7 27. Bc3 Be7 28. b4 Nb6 29. c5 Rd7 30. Qe2 Rxd2 31. Qxd2 Na8 32. Qd7 Qd8 33. Bb3+ 1-0

[Event "Pilsen Region-chT 2223"]
[Site "Czech Republic"]
[Date "2023.03.19"]
[Round "10.5"]
[White "Cvikl, Michal"]
[Black "Becvar, Miroslav"]
[Result "1/2-1/2"]
[WhiteElo "1997"]
[BlackElo "1833"]
[PlyCount "38"]
[EventDate "2022.10.09"]
[EventType "team-tourn"]
[EventRounds "11"]
[EventCountry "CZE"]
[SourceTitle "EXT 2024"]
[Source "ChessBase"]
[SourceDate "2023.10.10"]
[SourceVersion "1"]
[SourceVersionDate "2023.10.10"]
[SourceQuality "1"]
[WhiteTeam "Line III"]
[BlackTeam "Tachov"]
[WhiteTeamCountry "CZE"]
[BlackTeamCountry "CZE"]

1. e4 e6 2. Qe2 e5 3. Nf3 Nc6 4. c3 d6 5. g3 Bg4 6. Bg2 Nf6 7. d3 Be7 8. Nbd2 0-0 9. Nc4 Qd7 10. Ne3 Be6 11. 0-0 Ng4 12. d4 Nxe3 13. Qxe3 Bh3 14. d5 Nd8 15. Ng5 Bxg2 16. Kxg2 f5 17. exf5 Rxf5 18. Ne4 Rh5 19. h4 Nf7 1/2-1/2

[Event "Pilsen Region-chT 2223"]
[Site "Czech Republic"]
[Date "2022.11.13"]
[Round "3.4"]
[White "Janecek, Pavel"]
[Black "Cvikl, Michal"]
[Result "1/2-1/2"]
[WhiteElo "1859"]
[BlackElo "1997"]
[PlyCount "67"]
[EventDate "2022.10.09"]
[EventType "team-tourn"]
[EventRounds "11"]
[EventCountry "CZE"]
[SourceTitle "EXT 2024"]
[Source "ChessBase"]
[SourceDate "2023.10.10"]
[SourceVersion "1"]
[SourceVersionDate "2023.10.10"]
[SourceQuality "1"]
[WhiteTeam "Kozolupy Sakal"]
[BlackTeam "Line III"]
[WhiteTeamCountry "CZE"]
[BlackTeamCountry "CZE"]

1. e4 c5 2. Nf3 Nc6 3. d4 cxd4 4. Nxd4 Nf6 5. Nc3 e5 6. Ndb5 d6 7. Bg5 a6 8. Bxf6 gxf6 9. Na3 b5 10. Nd5 Bg7 11. Bd3 Ne7 12. Nxe7 Qxe7 13. 0-0 0-0 14. Re1 f5 15. exf5 d5 16. c3 e4 17. Bf1 Rd8 18. Nc2 Bxf5 19. a4 bxa4 20. Rxa4 a5 21. Nd4 Bd7 22. Ra2 Be5 23. Qd2 f5 24. g3 Rf8 25. f4 Bc7 26. Kf2 Bb6 27. Ke3 Qc5 28. Rea1 Bc6 29. Be2 Bb7 30. Kf2 Rae8 31. Qe3 Qd6 32. Re1 Qf6 33. Rd1 Rd8 34. Raa1 1/2-1/2

[Event "Rakovnik Regional-chT 1415"]
[Site "Rakovnik"]
[Date "2014.11.23"]
[Round "3.6"]
[White "Cvikl, Michal"]
[Black "Sindelar, Pavel"]
[Result "0-1"]
[WhiteElo "2020"]
[BlackElo "1961"]
[PlyCount "82"]
[EventDate "2014.10.19"]
[EventType "team-tourn"]
[EventRounds "11"]
[EventCountry "CZE"]
[SourceTitle "EXT 2016"]
[Source "ChessBase"]
[SourceDate "2015.10.08"]
[SourceVersion "1"]
[SourceVersionDate "2015.10.08"]
[SourceQuality "1"]
[WhiteTeam "Uholicky"]
[BlackTeam "Kostelec nad CL"]
[WhiteTeamCountry "CZE"]
[BlackTeamCountry "CZE"]

1. e4 c6 2. d4 d5 3. exd5 cxd5 4. Bd3 Nc6 5. Nf3 g6 6. 0-0 Bg7 7. c3 Nf6 8. Bg5 0-0 9. Re1 Bf5 10. Bxf5 gxf5 11. Qd3 Ne4 12. Bh4 Qd7 13. Nbd2 Rac8 14. Re2 f6 15. Rd1 Na5 16. Ne1 Bh6 17. Nb3 Nc6 18. f3 Nd8 19. Bf2 Nxf2 20. Kxf2 b6 21. g3 a5 22. Nd2 Nf7 23. Ng2 Nd6 24. Rde1 Rf7 25. Nf1 Rc7 26. Nfe3 Bxe3+ 27. Rxe3 Nc4 28. R3e2 e5 29. dxe5 Nxe5 30. Qd4 Rc4 31. Qd2 d4 32. cxd4 Rxd4 33. Qc2 Nd3+ 34. Kf1 Nxe1 35. Rxe1 Rd2 36. Qb3 Qd4 37. Ne3 Qd3+ 38. Qxd3 Rxd3 39. Ke2 Rfd7 40. Rc1 Rd2+ 41. Ke1 Rxb2 0-1

[Event "Klatovy op-A"]
[Site "Klatovy"]
[Date "2007.07.01"]
[Round "2"]
[White "Pokrupa, Marek"]
[Black "Cvikl, Michal"]
[Result "1-0"]
[WhiteElo "2178"]
[BlackElo "2085"]
[PlyCount "59"]
[EventDate "2007.06.30"]
[EventType "swiss"]
[EventRounds "9"]
[EventCountry "CZE"]
[SourceTitle "CBM 119 Extra"]
[Source "ChessBase"]
[SourceDate "2007.09.04"]
[SourceVersion "1"]
[SourceVersionDate "2007.09.04"]
[SourceQuality "1"]

1. d4 d5 2. g3 g6 3. Bg2 Bg7 4. Nf3 Nf6 5. 0-0 0-0 6. c4 c5 7. cxd5 cxd4 8. Nxd4 Nxd5 9. Nb5 a6 10. N5c3 Nxc3 11. Nxc3 Qa5 12. Qb3 Nc6 13. Be3 Nd4 14. Bxd4 Bxd4 15. Nd5 Be6 16. Nxe7+ Kh8 17. Qxb7 Ra7 18. Qe4 Bxf2+ 19. Rxf2 Rxe7 20. e3 Rd7 21. a3 Rfd8 22. Raf1 Rd2 23. Qf4 Qc5 24. h4 R8d3 25. Rxd2 Rxd2 26. Rf2 Qc1+ 27. Bf1 Rxf2 28. Qxf2 Bc4 29. Qf6+ Kg8 30. Qd8+ 1-0

[Event "Tatry op"]
[Site "Tatranske Zruby"]
[Date "2006.09.29"]
[Round "8"]
[White "Cvikl, Michal"]
[Black "Farkas, Gabor"]
[Result "1/2-1/2"]
[WhiteElo "2052"]
[BlackElo "2184"]
[PlyCount "95"]
[EventDate "2006.09.23"]
[EventType "swiss"]
[EventRounds "9"]
[EventCountry "SVK"]
[SourceTitle "CBM 114 Extra"]
[Source "ChessBase"]
[SourceDate "2006.11.03"]
[SourceVersion "1"]
[SourceVersionDate "2006.11.03"]
[SourceQuality "1"]

1. e4 c5 2. Nf3 Nc6 3. d4 cxd4 4. Nxd4 Nf6 5. Nc3 e5 6. Ndb5 d6 7. Bg5 a6 8. Na3 b5 9. Nd5 Be7 10. Bxf6 Bxf6 11. c3 0-0 12. Nc2 Rb8 13. Nce3 Bg5 14. h4 Bh6 15. Qc2 Be6 16. Rd1 Qd7 17. g3 Rfc8 18. Qd3 Bxe3 19. Qxe3 Bxd5 20. Rxd5 Ne7 21. Rd2 Qc6 22. Bh3 Rd8 23. 0-0 b4 24. cxb4 Rxb4 25. Rfd1 h6 26. Bg2 Rc4 27. Kh2 Qc7 28. Bf1 Rc6 29. Bh3 Rc5 30. Bg4 Nc6 31. Be2 Nd4 32. b3 Rc3 33. Rd3 Rc2 34. R3d2 a5 35. Bc4 Rxd2 36. Rxd2 Rb8 37. f4 Kf8 38. Rf2 f6 39. g4 Qc5 40. fxe5 Qxe5+ 41. Kh3 Re8 42. Rd2 Ne6 43. Bxe6 Rxe6 44. Re2 d5 45. Qc5+ Kg8 46. exd5 Qxe2 47. dxe6 Qxe6 48. Qxa5 1/2-1/2

[Event "Tatry op"]
[Site "Tatranske Zruby"]
[Date "2006.09.28"]
[Round "7"]
[White "Skreno, Vladimir"]
[Black "Cvikl, Michal"]
[Result "1/2-1/2"]
[WhiteElo "2189"]
[BlackElo "2052"]
[PlyCount "140"]
[EventDate "2006.09.23"]
[EventType "swiss"]
[EventRounds "9"]
[EventCountry "SVK"]
[SourceTitle "CBM 114 Extra"]
[Source "ChessBase"]
[SourceDate "2006.11.03"]
[SourceVersion "1"]
[SourceVersionDate "2006.11.03"]
[SourceQuality "1"]

1. d4 Nf6 2. Nf3 g6 3. c4 Bg7 4. Nc3 0-0 5. e4 d6 6. Be2 e5 7. 0-0 exd4 8. Nxd4 Re8 9. Bg5 h6 10. Bxf6 Qxf6 11. Ndb5 Qd8 12. Bf3 Na6 13. Rc1 Nc5 14. Nd4 a5 15. Qd2 Bd7 16. b3 Kh7 17. Rcd1 Qc8 18. Rfe1 Bg4 19. Bxg4 Qxg4 20. f3 Qh4 21. Qf2 Qxf2+ 22. Kxf2 Ne6 23. Nxe6 fxe6 24. Nb5 Re7 25. Re2 b6 26. Nd4 Bxd4+ 27. Rxd4 e5 28. Rd5 Rf8 29. a3 Rf6 30. Red2 g5 31. h3 h5 32. b4 axb4 33. axb4 Rg7 34. c5 bxc5 35. bxc5 Rgg6 36. Ra2 g4 37. hxg4 hxg4 38. Ra7 Rg7 39. Ra6 gxf3 40. gxf3 Rgf7 41. Ra3 Rg6 42. Rad3 Rff6 43. Ra3 Rf7 44. Rdd3 Kg7 45. Ra8 Rd7 46. Re8 Kf6 47. Rd5 Rgg7 48. Ke3 Rge7 49. Ra8 c6 50. Rxd6+ Rxd6 51. cxd6 Rd7 52. f4 Ke6 53. Re8+ Kxd6 54. Rxe5 Ra7 55. Kd4 Ra4+ 56. Kc3 c5 57. Kd3 Ra3+ 58. Kc2 Ra4 59. Kd3 Ra3+ 60. Kc2 Ra4 61. Kb3 Rd4 62. Kc2 Ra4 63. Kb3 Ra5 64. Kc2 Ra4 65. Kd1 Rd4+ 66. Ke2 c4 67. Ke3 Rd3+ 68. Ke2 Rd4 69. Rd5+ Rxd5 70. exd5 Kxd5 1/2-1/2

[Event "Tatry op"]
[Site "Tatranske Zruby"]
[Date "2006.09.25"]
[Round "3"]
[White "Hanko, Pavol"]
[Black "Cvikl, Michal"]
[Result "1-0"]
[WhiteElo "2237"]
[BlackElo "2052"]
[PlyCount "103"]
[EventDate "2006.09.23"]
[EventType "swiss"]
[EventRounds "9"]
[EventCountry "SVK"]
[SourceTitle "CBM 114 Extra"]
[Source "ChessBase"]
[SourceDate "2006.11.03"]
[SourceVersion "1"]
[SourceVersionDate "2006.11.03"]
[SourceQuality "1"]

1. d4 Nf6 2. Nf3 e6 3. c4 b6 4. a3 Bb7 5. Nc3 Be7 6. d5 0-0 7. e4 d6 8. Be2 Re8 9. 0-0 Bf8 10. Qc2 Nbd7 11. Bg5 h6 12. Bh4 g5 13. Bg3 e5 14. Nd2 Bg7 15. b4 Nf8 16. c5 Ng6 17. Nc4 h5 18. f3 h4 19. Bf2 Nf4 20. a4 Ba6 21. b5 Bc8 22. cxd6 cxd6 23. a5 bxa5 24. Nxa5 Qd7 25. Nc6 N6h5 26. Rxa7 Rxa7 27. Nxa7 Nxg2 28. Kxg2 Qh3+ 29. Kh1 g4 30. fxg4 Bxg4 31. Qd3 Qxd3 32. Bxd3 Bf3+ 33. Kg1 Nf4 34. h3 Nxd3 35. Bxh4 Bh5 36. Nc6 Bh6 37. Ne7+ Kh7 38. Nf5 Bd2 39. Nd1 Bb4 40. Nf2 Bc5 41. Kh2 Be2 42. Rg1 Nxf2 43. Bxf2 Bxf2 44. Rg2 Bxb5 45. Nxd6 Rb8 46. Rxf2 Bd3 47. Nxf7 Kg7 48. Ng5 Kg6 49. h4 Rd8 50. Rd2 Bb1 51. Kg3 Kh5 52. d6 1-0

[Event "Tatry op"]
[Site "Tatranske Zruby"]
[Date "2006.09.24"]
[Round "2"]
[White "Cvikl, Michal"]
[Black "Belunek, Vladimir"]
[Result "1/2-1/2"]
[WhiteElo "2052"]
[BlackElo "2246"]
[PlyCount "134"]
[EventDate "2006.09.23"]
[EventType "swiss"]
[EventRounds "9"]
[EventCountry "SVK"]
[SourceTitle "CBM 114 Extra"]
[Source "ChessBase"]
[SourceDate "2006.11.03"]
[SourceVersion "1"]
[SourceVersionDate "2006.11.03"]
[SourceQuality "1"]

1. e4 e5 2. Nf3 Nc6 3. Nc3 Nf6 4. Bb5 Bb4 5. 0-0 0-0 6. d3 d6 7. Bg5 Bxc3 8. bxc3 Qe7 9. Nd2 h6 10. Bh4 g5 11. Bg3 Nd8 12. d4 a6 13. Bd3 Nc6 14. d5 Nb8 15. h4 Nbd7 16. Nb3 Kg7 17. Qe2 Rh8 18. Rab1 a5 19. a4 Nf8 20. c4 b6 21. hxg5 hxg5 22. Qe1 Ng6 23. f3 Bd7 24. Ra1 Rh7 25. Nd2 Rah8 26. c5 dxc5 27. Nc4 Ne8 28. Qc3 f6 29. Kf2 Nd6 30. Rg1 Nf4 31. Ne3 Nh5 32. Bh2 Kf7 33. Qb2 Nf4 34. Bg3 Qe8 35. Qb3 Rh5 36. Nc4 Ke7 37. Ne3 R8h7 38. Nc4 Nxc4 39. Bxc4 Kd6 40. Bd3 R5h6 41. Ba6 Rh8 42. Bd3 Nh5 43. Bh2 g4 44. fxg4 Bxg4 45. Be2 Rg6 46. Bf3 Rhg8 47. c4 Rg5 48. Raf1 Qg6 49. Qb5 Bd7 50. Qb3 Ng3 51. Re1 Qh6 52. Bxg3 Rxg3 53. Rh1 Qd2+ 54. Re2 Qf4 55. Rh2 R3g6 56. Kg1 Rh6 57. Rxh6 Qxh6 58. Re1 Qd2 59. Re2 Qd4+ 60. Rf2 Rg3 61. Qc2 Rg6 62. Qb3 Qa1+ 63. Rf1 Bxa4 64. Rxa1 Bxb3 65. Be2 Rg3 66. Rf1 Ke7 67. Kf2 Rc3 1/2-1/2

[Event "Tatry op"]
[Site "Tatranske Zruby"]
[Date "2005.09.15"]
[Round "7"]
[White "Cvikl, Michal"]
[Black "Zapletal, Jiri"]
[Result "1-0"]
[WhiteElo "2066"]
[BlackElo "2168"]
[PlyCount "67"]
[EventDate "2005.09.10"]
[EventType "swiss"]
[EventRounds "9"]
[EventCountry "SVK"]
[SourceTitle "CBM 108 Extra"]
[Source "ChessBase"]
[SourceDate "2005.11.04"]
[SourceVersion "1"]
[SourceVersionDate "2005.11.04"]
[SourceQuality "1"]

1. e4 d6 2. d4 Nf6 3. Nc3 g6 4. Nf3 Bg7 5. Bc4 0-0 6. Qe2 c6 7. e5 dxe5 8. dxe5 Nd5 9. Bd2 Bg4 10. 0-0-0 e6 11. h3 Bxf3 12. gxf3 Nd7 13. f4 Qh4 14. Qg4 Qe7 15. h4 h5 16. Qg3 Nc5 17. f3 Nxc3 18. Bxc3 b5 19. Be2 Rfd8 20. Ba5 Rxd1+ 21. Rxd1 Nb7 22. Bd2 a5 23. Rg1 Nc5 24. Be3 Rb8 25. Bd1 Na4 26. c3 Nb6 27. f5 exf5 28. e6 Rb7 29. Bxb6 Qxe6 30. Bb3 f4 31. Qg5 Qe5 32. Qxe5 Bxe5 33. Rxg6+ Kh7 34. Rxc6 1-0

[Event "Klatovy op-A"]
[Site "Klatovy"]
[Date "2005.07.06"]
[Round "5"]
[White "Ptacnik, Stanislav"]
[Black "Cvikl, Michal"]
[Result "1/2-1/2"]
[WhiteElo "2136"]
[BlackElo "2066"]
[PlyCount "42"]
[EventDate "2005.07.02"]
[EventType "swiss"]
[EventRounds "9"]
[EventCountry "CZE"]
[SourceTitle "CBM 107 Extra"]
[Source "ChessBase"]
[SourceDate "2005.09.01"]
[SourceVersion "1"]
[SourceVersionDate "2005.09.01"]
[SourceQuality "1"]

1. d4 Nf6 2. Bg5 d5 3. Bxf6 exf6 4. e3 c6 5. Bd3 Bd6 6. Nd2 a5 7. c4 dxc4 8. Nxc4 Bb4+ 9. Nd2 Qd5 10. Ngf3 Bg4 11. Be2 0-0 12. 0-0 Nd7 13. h3 Bh5 14. g4 Bg6 15. Nh4 Bxd2 16. Nxg6 fxg6 17. Qxd2 f5 18. Qc2 Kh8 19. Qc4 Qe4 20. Qd3 Qd5 21. Qc4 Qe4 1/2-1/2

[Event "Plzen op-A 10th"]
[Site "Plzen"]
[Date "2004.??.??"]
[Round "4"]
[White "Cvikl, Michal"]
[Black "Toman, Jaroslav"]
[Result "0-1"]
[WhiteElo "2055"]
[BlackElo "2145"]
[PlyCount "40"]
[EventDate "2004.08.??"]
[EventType "swiss"]
[EventRounds "9"]
[EventCountry "CZE"]
[SourceTitle "EXT 2007"]
[Source "ChessBase"]
[SourceDate "2006.11.23"]
[SourceVersion "1"]
[SourceVersionDate "2006.11.23"]
[SourceQuality "1"]

1. e4 d6 2. d4 Nf6 3. Nc3 g6 4. Bg5 c6 5. Qd2 b5 6. Bd3 a6 7. h3 Nbd7 8. Bh6 Bxh6 9. Qxh6 c5 10. dxc5 Nxc5 11. Qg7 Rg8 12. Qh6 b4 13. Nd5 Nxd5 14. exd5 Nxd3+ 15. cxd3 Qa5 16. Ne2 Qxd5 17. 0-0 Bb7 18. Nf4 Qd4 19. Rac1 g5 20. Rc4 gxf4 0-1

[Event "Tatry op"]
[Site "Tatranske Zruby"]
[Date "2001.10.01"]
[Round "4"]
[White "Kolcak, Marek"]
[Black "Cvikl, Michal"]
[Result "1-0"]
[WhiteElo "2182"]
[BlackElo "2038"]
[PlyCount "73"]
[EventDate "2001.09.29"]
[EventType "swiss"]
[EventRounds "9"]
[EventCountry "SVK"]
[SourceTitle "CBM 084 Extra"]
[Source "ChessBase"]
[SourceDate "2001.10.26"]
[SourceVersion "1"]
[SourceVersionDate "2001.10.26"]
[SourceQuality "1"]

1. e4 d5 2. exd5 Qxd5 3. Nc3 Qa5 4. d4 Nf6 5. Nf3 Bg4 6. Be2 Nc6 7. Nd2 Bxe2 8. Nxe2 0-0-0 9. c3 e5 10. Nb3 Qd5 11. 0-0 exd4 12. cxd4 Bd6 13. h3 g5 14. Be3 g4 15. h4 Nh5 16. Nc3 Qf5 17. Rc1 Be7 18. d5 a6 19. Nd4 Nxd4 20. Qxd4 Qf6 21. Qa7 Qxh4 22. Ne4 g3 23. Nxg3 Bd6 24. Qa8+ Kd7 25. Qxb7 Nxg3 26. fxg3 Qxg3 27. Rxf7+ Ke8 28. Rf3 Qh2+ 29. Kf1 Rg8 30. Qc6+ Ke7 31. Rc2 Rdf8 32. Re2 Rxf3+ 33. gxf3 Qh3+ 34. Ke1 Qxf3 35. Bd4+ Kd8 36. Qa8+ Kd7 37. Qxg8 1-0